| 000 | 01065nas a2200289 4500 | ||
|---|---|---|---|
| 001 | BR8402467 | ||
| 003 | BR-BrBNA | ||
| 005 | 20231205085915.0 | ||
| 007 | ta | ||
| 008 | 230509b bl.|||p| |||| 00| 00por d | ||
| 040 |
_aBR-BrBNA _bpor _cBiblioteca Nacional de Agricultura |
||
| 041 | _a(Pt) | ||
| 072 | _aH60 | ||
| 100 | 1 | _aRozanski, A. | |
| 100 | 1 | _aSantos, C.A.L. | |
| 100 | 1 | _aBlanco, H.G. | |
| 245 | 1 | _aComportamento do herbicida sethoxydim no controle de plantas daninhas nas culturas de amendoim (Arachis hypogaea L.), feijao (Phaseolus vulgaris L.)e gladiolo (Gladiolus grandiflorus Andr.) | |
| 246 | 1 | _aWeed control and effects of sethoxydim on peanut (Arachis hypogaea L.), beans (Phaseolus vulgaris L.)and gladiolus (Gladiolus grandiflorus Andr.) | |
| 650 | _aAMENDOIM | ||
| 650 | _aFEIJAO | ||
| 650 | _aGLADIOLO | ||
| 650 | _aHERBICIDA | ||
| 650 | _aERVA DANINHA | ||
| 773 | 0 |
_tBiologico (Brazil) _xISSN 0366-0567 _g(Nov-Dec 1983), v. 49(11-12) p. 257-263 _wBR8402467 |
|
| 909 |
_a202311 _bLúcia _c55 _dLúcia Elande |
||
| 942 |
_2AGRIS _n0 _cANA |
||
| 999 |
_c114692 _d114692 |
||